|
|
|
|
| LEADER |
00795nab a2200205 i 4500 |
| 001 |
acta2506 |
| 005 |
20260123124504.0 |
| 008 |
161015s1977 hu o 000 hun d |
| 022 |
|
|
|a 0231-2670
|
| 040 |
|
|
|a SZTE Egyetemi Kiadványok Repozitórium
|b hun
|
| 041 |
|
|
|a hun
|
| 100 |
1 |
|
|a Kaposi Márton
|
| 245 |
1 |
0 |
|a Croce felfogása a műalkotás létezési módjáról és katartikus hatásáról
|h [elektronikus dokumentum] :
|b részlet egy nagyobb tanulmányból /
|c Kaposi Márton
|
| 260 |
|
|
|c 1977
|
| 300 |
|
|
|a 67-75
|
| 490 |
0 |
|
|a Acta Universitatis Szegediensis : sectio philosophica
|v 18
|
| 650 |
|
4 |
|a Bölcsészettudományok
|
| 650 |
|
4 |
|a Filozófia, etika és vallástudományok
|
| 695 |
|
|
|a Filozófia
|
| 856 |
4 |
0 |
|u http://acta.bibl.u-szeged.hu/2506/1/philosophica_018_067-075.pdf
|z Dokumentum-elérés
|